00732nam a2200241 a 4500001001300000003000900013005001700022008004100039020001000080082001500090100002100105245007700126260004600203300000900249500003500258505001100293650002000304700002100324902000800345942000700353952011500360999001500475nice12345678IN_TiNIC20260116011736.0050524s1965 grea grp 000 0 eng  ac10000a261.8bTHO aThornton, Martin aRock and the Riverb an Encounter Between Traditional Spirituality & Mod aGreat BritainbHodder and Stoughtonc1965 a158p aincludes index and biblioraphy2 aIndex. aTheology-Social1 aThornton, Martin bSRS cBK 001040708StackRoom-aHMIbHMId2007-07-10g100.00l0o261.8 THOp09131r2007-07-10v100.00w2005-05-24yBK c3629d3629